=LDR 00000nam 2200000 4500 =001 INLIS000000000051883 =005 20200224072436 =035 ##$$a 0010-0118000071 =007 ta =008 200224################g##########0#ind## =020 ##$$a 978-979-769-842-3 =082 ##$$a 170 =084 ##$$a 170 ABD e =100 #$$a Abdulah Idi =245 1#$$a Etika Pendidikan : $b Keluarga, Sekolah Dan Masyarakat /$c Prof. Dr. H. Abdullah Idi, M.Ed =260 ##$$a Jakarta :$b Rajawali Pers,$c 2015 =300 ##$$a x, 277 hlm : $b Ilus. ; $c 23 x 15 cm =500 ##$$a Biografi : hlm 275 =650 #4$$a Etika =504 ##$$a Bibliografi : hlm.261 =250 ##$$a Ed.1 =990 ##$$a 21705690 =990 ##$$a 21705689 =990 ##$$a 21705688 =990 ##$$a 21705687 =990 ##$$a 21705686 =990 ##$$a 21705688 =990 ##$$a 21705690 =990 ##$$a 21705689 =990 ##$$a 21705687 =990 ##$$a 21705686 =990 ##$$a 21705688 =990 ##$$a 21705690 =990 ##$$a 21705689 =990 ##$$a 21705687 =990 ##$$a 21705686